Normal view
MARC view
- Aziz, Waheed
Entry Personal Name
001 - CONTROL NUMBER
- control field: 16004
003 - CONTROL NUMBER IDENTIFIER
- control field: NUST
005 - DATE AND TIME OF LATEST TRANSACTION
- control field: 20190629064420.0
008 - FIXED-LENGTH DATA ELEMENTS
- fixed length control field: 190629|| aca||aabn | a|a d
040 ## - CATALOGING SOURCE
- Original cataloging agency: NUST
- Transcribing agency: NUST
100 ## - HEADING--PERSONAL NAME
- Personal name: Aziz, Waheed
670 ## - SOURCE DATA FOUND
- Source citation: Work cat.: (NUST): Aziz, Waheed, Doctor Syed Shabia-ul-Hassan Ka Jahan-e-Fan /, 2010.
